Giáo trình các quá trình nhiệt
Gespeichert in:
| 1. Verfasser: | |
|---|---|
| Format: | Buch |
| Sprache: | Undetermined |
| Veröffentlicht: |
Cần Thơ
Trường Đại Học Cần Thơ - Khoa Nông Nghiệp
2000
|
| Schlagworte: | |
| Tags: |
Tag hinzufügen
Keine Tags, Fügen Sie den ersten Tag hinzu!
|
| Thư viện lưu trữ: | Trung tâm Học liệu Trường Đại học Cần Thơ |
|---|
| LEADER | 00588nam a2200193Ia 4500 | ||
|---|---|---|---|
| 001 | CTU_39085 | ||
| 008 | 210402s9999 xx 000 0 und d | ||
| 082 | |a 621.402 | ||
| 082 | |b Th465 | ||
| 100 | |a Phan, Văn Thơm | ||
| 245 | 0 | |a Giáo trình các quá trình nhiệt | |
| 245 | 0 | |c Phan Văn Thơm | |
| 260 | |a Cần Thơ | ||
| 260 | |b Trường Đại Học Cần Thơ - Khoa Nông Nghiệp | ||
| 260 | |c 2000 | ||
| 650 | |a Heat,Heat engineering | ||
| 650 | |x Transmission | ||
| 904 | |i Minh, 001026 | ||
| 980 | |a Trung tâm Học liệu Trường Đại học Cần Thơ | ||